000 00283nam a22001337a 4500
008 170816b xxu||||| |||| 00| 0 eng d
020 _a9780763714994
041 _aeng
080 _a51
100 _a36
101 _aMAT
245 _aNUMERICAL METHODS
_cLINZ.P
942 _2udc
_cBK
999 _c23793
_d23793